000
00338nam a2200145Ia 4500
008
191201s2008 xx 000 0 und d
082
_a
658.4038
_b
JAM
100
_a
JAWADEKAR, Waman S
245
0
_a
Management Information Systems
250
_a
Rep.
260
_a
N.Delhi
_b
TMH
_c
2008
300
_a
786
650
_a
MCA
942
_2
ddc
_c
BK
999
_c
3664
_d
3664